000 00641nam a2200229Ia 4500
003 OSt
005 20220918221303.0
006 a|||||r|||| 00| 0
007 ta
008 220917b |||||||| |||| 00| 0 eng d
024 _a149,187
037 _cTextual
040 _aARTS
_cARTS
_beng
041 _2eng
_aeng
082 _aT:84.1(Y:4), L2
100 _aRazik Taher A
_9139917
245 0 _aSystems approach to teacher training and curriculum development
_b the case of developing countries
260 _c1972
650 _aEDUCATION
942 _hT:84.1(Y:4), L2
_cTEXL
_2CC
999 _c271856
_d271856